000 00407nam a2200157Ia 4500
005 20250428172526.0
008 231217s9999 xx 000 0 und d
020 _a9780070397804
082 _a005.222 MAL
100 _aMalik, Shashi. Yamauchi, Henry.
245 0 _aCSP a developer's guide
260 _c1992
_bMacgraw-hill
_aNew York
300 _axiv+367
650 _aCSP,developer's
942 _cAA
999 _c182227
_d182227